Văn học Việt Nam thế kỷ XX Q.2, T.IV Tuyện ngẳn trước 1945

Shranjeno v:
Bibliografske podrobnosti
Drugi avtorji: Vũ Tuấn Anh (biên soạn), Lê Thị Đức Hạnh (biên soạn)
Format: Knjiga
Jezik:Vietnamese
Izdano: H. Văn học 2002
Teme:
Oznake: Označite
Brez oznak, prvi označite!
Thư viện lưu trữ: Mạng thư viện Đại học Đà Nẵng
LEADER 00972nam a2200325 4500
001 000005807
003 1958
005 20110823080848.0
008 110823s2002 viesd
020 |c 0 
041 0 |a vie 
082 |a 895.9223  |b VAN 
245 1 0 |a Văn học Việt Nam thế kỷ XX  |c Hà Minh Đức chủ biên  |n Q.2, T.IV  |p Tuyện ngẳn trước 1945 
260 |a H.  |b Văn học  |c 2002 
300 |a 1097 tr.  |c 24 cm 
653 |a Văn học Việt Nam 
653 |a Tuyện ngẳn trước 1945 
653 |a Nghiên cứu văn học 
700 |a Vũ Tuấn Anh  |e biên soạn 
700 |a Lê Thị Đức Hạnh  |e biên soạn 
773 |t Văn học Việt Nam thế kỷ XX  |w 1848 
910 |a Thu Sương  |d 19/8/2011 
OWN |a LSP 
999 |a From the UDN01 
TYP |a Monograph 
TYP |a Printed language 
980 |a Mạng thư viện Đại học Đà Nẵng